‪إنشاء الصناعات الأهلية وتنظيم التسليف الصناعي : (Record no. 29912)

MARC details
000 -الفاتح
حقل البيانات ثابتة الطول 01147nam a22002897i 4500
003 - محدد رقم الضبط
رقم الضبط EG-ScBUE
005 - وقت وتاريخ اخر تعامل مع التسجيلة
رقم الضبط 20220731111147.0
008 - عناصر البيانات ثابتة الطول - معلومات عامة
حقل البيانات ثابتة الطول 220731s2007 ua f 000 0 ara d
017 ## - رقم الإيداع القانونى
رقم الإيداع القانونى 2007 / 24103
020 ## - الرقم الدولى المعيارى للكتب
الرقم الدولى المعيارى للكتاب 9771805282
040 ## - مصدر الفهرسة
وكالة الفهرسة الأصلية EG-ScBUE
لغة الفهرسة ara
قواعد الوصف rda
وكالة النسخ EG-ScBUE
وكالة التعديل EG-ScBUE
043 ## - رمز المنطقة الجغرافية
رمز المنطقة الجغرافية f-ua---
082 04 - رقم تصنيف ديوى العشرى
رقم الطبعة 22
رقم التصنيف 332.370962
رقم المادة إ ن ش
245 00 - بيان العنوان
العنوان ‪إنشاء الصناعات الأهلية وتنظيم التسليف الصناعي :
بقية العنوان ‪مشروع بنك صناعي مصري : تقرير مفصل مقدم لوزارة المالية من بنك مصر عام 1929.
250 ## - بيان الطبعة
بيان الطبعة الطبعة الثانية.
264 #1 - النشر، التوزيع
مكان الناشر او الموزع القاهرة :
اسم الناشر او الموزع مطبعة دار الكتب والوثائق القومية،
تاريخ النشر أو التوزيع 2007.
300 ## - الوصف المادى
التعداد 228 صفحة ؛
أبعاد الوعاء 30 سم
336 ## - نوع المحتوى
source rdacontent
Carrier Type Term نص
Content Type Code txt
337 ## - نوع الوسيط
source rdamedia
Media Type Term بدون وسيط
Media Type Code n
338 ## - نوع الحامل أو الناقل
source rdacarrier
Carrier Type Term مجلد
Carrier Type Code nc
650 #7 - المدخل الاضافى بالموضوع-مصطلح موضوعى
مصطلح موضوعي أو اسم جغرافي كعنصر مدخل ‪البنوك
التقسيم الفرعي العام تمويل
التقسيم الفرعي الجغرافي مصر.
مصدر الرأس أو المصطلح BUEsh
650 #7 - المدخل الاضافى بالموضوع-مصطلح موضوعى
مصطلح موضوعي أو اسم جغرافي كعنصر مدخل ‪البنوك
التقسيم الفرعي العام جوانب اقتصادية
التقسيم الفرعي الجغرافي مصر.
مصدر الرأس أو المصطلح BUEsh
653 ## - مصطلح تكشيفى غير مقيد
Resource For college BAEPS, Economics
Arrived date list July2022
655 ## - مصطلح تكشيفى-نوع/شكل
التقسيم الفرعي الشكلي Reading book
-- 34232
710 2# - المدخل الاضافى - اسم هيئه
اسم الهيئة أو اسم السلطة كمدخل بنك مصر.
942 ## - عناصر المدخل الإضافي( كوها)
مصدر التصنيف او مخطط الترفيف Dewey Decimal Classification
Holdings
حالة التراجع حالة الفقد مصدر التصنيف او خطة الترفيف حالة تلف ليس للاعارة مجموعات كوها المكان الدائم المكان الحالي موقع الترفيف تاريخ الاكتساب Source of acquisition رقم الاستدعاء الباركود Date last seen نوع الوعاء
    Dewey Decimal Classification     Donation-Gift Central Library Central Library First floor 31/07/2022 Donation 332.370962 إ ن ش 000056360 15/07/2025 Book - Borrowing